| 000 | 00931cab a2200301 4500 | ||
|---|---|---|---|
| 001 | WB3207-19 | ||
| 008 | 090401t1996 xxu||||| |||| 00| 0 eng d | ||
| 035 | _a(Sirsi) u27906 | ||
| 041 | _aeng | ||
| 245 | _a`Pylon cancer` linked to radon | ||
| 260 | _c1996 | ||
| 350 | _a0 | ||
| 490 |
_aWestern Mail _v14 February 1996, 1&2 |
||
| 490 |
_aIndependent _v14 February 1996, 4(3) |
||
| 520 | _aA report from Bristol University scientists indicates that radioactive particles attracted to overhead powerlines form radon - a known carcinogenic gas. | ||
| 650 | _aCANCER | ||
| 650 | _aELECTRICITY PYLONS | ||
| 650 | _aELECTROMAGNETIC FIELDS | ||
| 650 |
_aHEALTH AND SAFETY _96244 |
||
| 650 | _aHEALTH HAZARDS | ||
| 650 | _aOVERHEAD POWER LINES | ||
| 650 | _aPLANNING POLICY | ||
| 650 | _aPROPERTY VALUES | ||
| 650 | _aRADON GAS | ||
| 690 | _aENVIRONMENTAL AND LAND CONSULTANCY | ||
| 942 | _n0 | ||
| 948 | _c04/03/1997 | ||
| 999 |
_c18810 _d18810 |
||